000 00557nam a2200229Ia 4500
003 OSt
005 20221005120327.0
006 a|||||r|||| 00| 0
007 ta
008 221004b |||||||| |||| 00| 0 mar d
024 _a61143
037 _cTextual
040 _aCRL
_cCRL
_bmar
041 _2mar
_amar
082 _aV2y7M93, 155K6
100 _aKeer Au.
_9629013
245 0 _aDr. Babasaheb Ambedkar
260 _c1966
650 _aHISTORY
942 _hV2y7M93, 155K6
_cTEXL
_2cc
999 _c1037662
_d1037662